[Event "SUI-ch op2"]
[Site "Luzern"]
[Date "1994.07.20"]
[Round "5"]
[White "Chatelain, Gilbert"]
[Black "Stucki, Kurt"]
[Result "0-1"]
[WhiteElo "1667"]
[BlackElo "1699"]
[PlyCount "53"]
[EventDate "1994.07.16"]
[EventType "swiss"]
[EventRounds "7"]
[EventCountry "SUI"]
[SourceTitle "EXT 1999"]
[Source "ChessBase"]
[SourceDate "1998.11.16"]
[SourceVersion "1"]
[SourceVersionDate "1998.11.16"]
[SourceQuality "1"]

1. e4 e5 2. Nf3 Nf6 3. Nc3 Nc6 4. Bc4 Nxe4 5. 0-0 Nxc3 6. dxc3 Be7 7. Re1 d6 8. Bd5 0-0 9. a4 Be6 10. Bb3 Bxb3 11. cxb3 Kh8 12. Bd2 f5 13. Qc1 Qe8 14. Re2 Qg6 15. Bg5 e4 16. g3 exf3 17. Rxe7 Nxe7 18. Bxe7 Rfe8 19. Bg5 Re2 20. a5 Qh5 21. Be3 Qh3 22. Qf1 Qxf1+ 23. Kxf1 Rxb2 24. b4 a6 25. h4 Re8 26. Kg1 Kg8 27. Kh2 0-1